000 00585nam a22002177a 4500
999 _c8385
_d8385
001 22149
003 BD-DhUAP
005 20240306180358.0
008 240306b19982015 |||| |||| 001 0 eng d
020 _a978041550675
040 _aBD-ChCU
_bEng
_cBD-ChCU
_dBD-DhUAP
082 _223
_a801.95 TYC
100 _aTyson, Lois.
245 _aCritical theory today :
_ba user friendly guide/
_cLois Tyson.
250 _a3rd ed.
260 _aNew York:
_bRoutledge;
_c2015.
300 _axii, 465pg.
504 _aIncludes index and bibliography.
650 _aCriticism.
942 _2ddc
_cBK